书目信息 |
| 题名: |
感动心灵的法文哲理故事
|
|
| 作者: | 柳玉刚 编译 | |
| 分册: | 品味人生 | |
| 出版信息: | 北京 中国宇航出版社 2008 |
|
| 页数: | 244页 | |
| 开本: | 19cm | |
| 丛书名: | ||
| 单 册: | ||
| 中图分类: | H329.4:B82 | |
| 科图分类: | ||
| 主题词: | 法语--fa yu--汉语--对照读物 , 人生哲学--ren sheng zhe xue--通俗读物 | |
| 电子资源: | ||
| ISBN: | 978-7-80218-324-7 | |
| 000 | 00745nam0 2200241 450 | |
| 001 | 003735832 | |
| 005 | 20081008091504.42 | |
| 010 | @a978-7-80218-324-7@dCNY16.80 | |
| 010 | @a978-7-900214-89-8@b光盘 | |
| 100 | @a20080418d2008 em y0chiy0110 ea | |
| 101 | 2 | @achi@afre@cfre |
| 102 | @aCN@b110000 | |
| 105 | @ay z 000yy | |
| 200 | 1 | @a感动心灵的法文哲理故事@Agan dong xin ling de fa wen zhe li gu shi@i品味人生@f柳玉刚编译 |
| 210 | @a北京@c中国宇航出版社@d2008 | |
| 215 | @a244页@d19cm@e1光盘 | |
| 300 | @a小故事大智慧 | |
| 606 | 0 | @a法语@Afa yu@x汉语@j对照读物 |
| 606 | 0 | @a人生哲学@Aren sheng zhe xue@j通俗读物 |
| 690 | @aH329.4:B82@v4 | |
| 701 | 0 | @a柳玉刚@Aliu yu gang@4编译 |
| 801 | 0 | @aCN@c20081008 |
| 905 | @dH329.4:B82@eL757 | |
| 感动心灵的法文哲理故事.品味人生/柳玉刚编译.-北京:中国宇航出版社,2008 |
| 244页;19cm+1光盘 |
| 小故事大智慧 |
| ISBN 978-7-80218-324-7:CNY16.80 |
| ● |
| 相关链接 |
|
|
|
正题名:感动心灵的法文哲理故事
索取号:H329.4:B82/L757
 
预约/预借
| 序号 | 登录号 | 条形码 | 馆藏地/架位号 | 状态 | 备注 |
| 1 | 840909 | 208409097 | 语言库209/209语言库 52排1列5层/ [索取号:H329.4:B82/L757] | 在馆 | |
| 2 | 840910 | 208409104 | 语言库209/209语言库 117排1列1层/ [索取号:H329.4:B82/L757] | 在馆 | |
| 3 | 840911 | 208409113 | 语言库209/209语言库 117排1列1层/ [索取号:H329.4:B82/L757] | 在馆 |